000 00572nam a22001937a 4500
999 _c4744
_d4744
003 AR-CdUCM
008 190311b ||||| |||| 00| 0 spa d
040 _aMUNICIPALIDAD PROVINCIAL DEL CUSCO
_cBIBLIOTECA MUNICIPAL DEL CUSCO
082 _a869.56 /
_bAL47
100 _aAlva Herrera, Horacio
_914675
245 _aCrepúsculos /
260 _aTrujillo :
_bLa elite,
_c1964.
300 _a32 páginas ;
_bIlustraciones.
_c18 cm.
500 _aDonación familia Nieto
650 _aPoesías peruanas
_91481
650 _aSiglo XX
_98
942 _2ddc
_cLIBROS
945 _aafb